Nielen mať, ale i umne hospodáriť

Hospodárne získaný a účelne využívaný majetok obcí (miest) umocňuje pozície samosprávy. Zákon SNR č. 138/1991 Zb. o majetku obcí. Podstata obecného majetku. Účely a spôsoby využívania obecného majetku. Zásady hospodárenia s majetkom. Podnikateľská činnosť obce.

Saved in:
Bibliographic Details
Main Author: Kožiak, Radoslav
Format: Book Chapter
Language:Slovak
Subjects:
Tags: Add Tag
No Tags, Be the first to tag this record!

MARC

LEADER 00000naa$a2200000$$$4500
001 0050639
005 20231016084915.9
041 0 |a slo 
044 |a SK 
245 1 0 |a Nielen mať, ale i umne hospodáriť  |c Radoslav Kožiak 
520 |a Hospodárne získaný a účelne využívaný majetok obcí (miest) umocňuje pozície samosprávy. Zákon SNR č. 138/1991 Zb. o majetku obcí. Podstata obecného majetku. Účely a spôsoby využívania obecného majetku. Zásady hospodárenia s majetkom. Podnikateľská činnosť obce. 
610 2 0 |a samospráva 
610 2 0 |a obce 
610 2 0 |a majetok 
610 2 0 |a vlastníctvo obecné 
610 2 0 |a podnikanie 
100 1 |a Kožiak, Radoslav